Christianity, wealth & poverty : (Record no. 1169)
[ view plain ]
| 000 -LEADER | |
|---|---|
| fixed length control field | 02208cam a2200445 a 4500 |
| 001 - CONTROL NUMBER | |
| control field | 15484250 |
| 003 - CONTROL NUMBER IDENTIFIER | |
| control field | GBCCL |
| 005 - DATE AND TIME OF LATEST TRANSACTION | |
| control field | 20241126110355.0 |
| 008 - FIXED-LENGTH DATA ELEMENTS--GENERAL INFORMATION | |
| fixed length control field | 081015s2004 ii b 100 0 eng |
| 010 ## - | |
| -- | 2008335950 |
| 020 ## - INTERNATIONAL STANDARD BOOK NUMBER | |
| International Standard Book Number | 8172147589 |
| 025 ## - OVERSEAS ACQUISITION NUMBER | |
| Overseas acquisition number | I-E-2008-335950; 13-91 |
| 037 ## - SOURCE OF ACQUISITION | |
| Source of stock number/acquisition | Library of Congress -- New Delhi Overseas Office |
| Terms of availability | Rs150.00 |
| 040 ## - CATALOGING SOURCE | |
| Original cataloging agency | DLC |
| Transcribing agency | DLC |
| Modifying agency | DLC |
| 042 ## - | |
| -- | lcode |
| 043 ## - | |
| -- | a-ii--- |
| 050 00 - | |
| -- | HC435.3 |
| -- | .I623 2000 |
| 082 ## - DEWEY DECIMAL CLASSIFICATION NUMBER | |
| Classification number | 261.8325 |
| Item number | CHR |
| 082 ## - DEWEY DECIMAL CLASSIFICATION NUMBER | |
| Classification number | 261.83250954 |
| Item number | CHR |
| 111 2# - | |
| -- | Indian Colloquium on "Christianity, Wealth, and Poverty: Impact on Globalisation" |
| -- | (2000 : |
| -- | Chennai, India) |
| -- | 2136 |
| 245 10 - TITLE STATEMENT | |
| Title | Christianity, wealth & poverty : |
| Remainder of title | Indian perspective / |
| Statement of responsibility, etc. | edited by Chandran Paul Martin. |
| 246 3# - | |
| -- | Christianity, wealth, and poverty |
| 260 ## - PUBLICATION, DISTRIBUTION, ETC. | |
| Place of publication, distribution, etc. | New Delhi : |
| Name of publisher, distributor, etc. | NCCI/ISPCK, |
| Date of publication, distribution, etc. | 2004. |
| 300 ## - PHYSICAL DESCRIPTION | |
| Extent | xvii, 246 p. ; |
| Dimensions | 23 cm. |
| 504 ## - BIBLIOGRAPHY, ETC. NOTE | |
| Bibliography, etc. note | Includes bibliographical references. |
| 520 ## - SUMMARY, ETC. | |
| Summary, etc. | Contributed papers; emanating from the Colloquium jointly organized by the National Council of Churches in India, Gurukul Lutheran Theological College, and Centre for Research on New International Economic Order, in Madras, India, in August 2000; held as part of Project 21, a world wide study initiated by Association of World Council of Churches Related Development Organizations in Europe. |
| 650 #0 - SUBJECT ADDED ENTRY--TOPICAL TERM | |
| Topical term or geographic name entry element | Globalization |
| General subdivision | Economic aspects |
| Geographic subdivision | India |
| Form subdivision | Congresses. |
| 9 (RLIN) | 2137 |
| 650 #0 - SUBJECT ADDED ENTRY--TOPICAL TERM | |
| Topical term or geographic name entry element | People with social disabilities |
| Geographic subdivision | India |
| General subdivision | Economic conditions |
| Form subdivision | Congresses. |
| 9 (RLIN) | 2138 |
| 650 #0 - SUBJECT ADDED ENTRY--TOPICAL TERM | |
| Topical term or geographic name entry element | Church and social problems |
| Geographic subdivision | India |
| Form subdivision | Congresses. |
| 9 (RLIN) | 2139 |
| 651 #0 - SUBJECT ADDED ENTRY--GEOGRAPHIC NAME | |
| Geographic name | India |
| General subdivision | Economic conditions |
| Chronological subdivision | 1991- |
| Form subdivision | Congresses. |
| 9 (RLIN) | 2140 |
| 700 1# - ADDED ENTRY--PERSONAL NAME | |
| Personal name | Martin, Chandran Paul. |
| 9 (RLIN) | 2141 |
| 710 2# - ADDED ENTRY--CORPORATE NAME | |
| Corporate name or jurisdiction name as entry element | National Council of Churches in India. |
| 9 (RLIN) | 2142 |
| 710 2# - ADDED ENTRY--CORPORATE NAME | |
| Corporate name or jurisdiction name as entry element | Gurukul Lutheran Theological College and Research Institute. |
| 9 (RLIN) | 2143 |
| 710 2# - ADDED ENTRY--CORPORATE NAME | |
| Corporate name or jurisdiction name as entry element | Centre for Research on New International Economic Order (Chennai, India) |
| 9 (RLIN) | 2144 |
| 710 2# - ADDED ENTRY--CORPORATE NAME | |
| Corporate name or jurisdiction name as entry element | I.S.P.C.K. (Organization) |
| 9 (RLIN) | 393 |
| 856 41 - ELECTRONIC LOCATION AND ACCESS | |
| Materials specified | Table of contents only |
| Uniform Resource Identifier | <a href="http://www.loc.gov/catdir/toc/fy1002/2008335950.html">http://www.loc.gov/catdir/toc/fy1002/2008335950.html</a> |
| 906 ## - LOCAL DATA ELEMENT F, LDF (RLIN) | |
| a | 7 |
| b | cbc |
| c | origode |
| d | 3 |
| e | ncip |
| f | 20 |
| g | y-gencatlg |
| 942 ## - ADDED ENTRY ELEMENTS (KOHA) | |
| Source of classification or shelving scheme | Dewey Decimal Classification |
| Koha item type | Books |
| Koha issues (borrowed), all copies | 6 |
| Withdrawn status | Lost status | Source of classification or shelving scheme | Damaged status | Not for loan | Home library | Current Library | Shelving location | Date acquired | Total checkouts | Full call number | Barcode | Date last seen | Date last checked out | Copy number | Price effective from | Koha item type |
|---|---|---|---|---|---|---|---|---|---|---|---|---|---|---|---|---|
| Dewey Decimal Classification | GRACE BIBLE COLLEGE | GRACE BIBLE COLLEGE | Ministry & Mission | 2017-04-18 | 7 | 261.8325 CHR | 006770 | 2025-09-26 | 2025-09-24 | c.1 | 2017-04-18 | Books |